000 00428nam a22001337a 4500
008 230919b |||||||| |||| 00| 0 eng d
020 _a978-0830842872
050 _aBS2825.53
_b.M66 2015
100 _aMoo, Douglas J.
245 _aTyndale New Testament Commentaries :
_bJames an introduction and commentary
_cDouglas J. Moo
260 _aDowner Grove, Illinois
_bInter-Varsity Press
_c2015
300 _a238p.
942 _2lcc
_cBK
999 _c20308
_d20307